00503 2200181 4500001002100000005001500021035001900036008004100055245005900096260004000155020002100195082000700216084001300223100002600236250000900262300003700271990001300308INLIS00000000000012720210318105522$a 0010-0920000127210318 0 $a Komik Nexk G: Sahabat Sejati /$c Maharani Cecilia Putri$a Bandung :$b Muffins Graphics,$c 2020$a 978-602-367-625-5$a 813$a 813 MAH k$a Maharani Cecilia Putri$a Cet.2$a 100 hlm : $b ilus ; $c 21 x 25 cm$a 0128/2019